Paesi con più utenti di JetPunk - Statistics

Statistiche generali
  • Questo quiz è stato fatto 3.744 volte
    2.130 dall'ultimo reset
  • Il punteggio medio è 15 su 20
Statistiche sulle risposte
% Paesi % Corretto
2,11 Italia
99%
20,4 Stati Uniti
99%
17,3 Francia
97%
2,37 Spagna
95%
5,51 Germania
94%
9,47 Regno Unito
90%
1,01 Russia
89%
4,30 Canada
88%
3,33 Brasile
82%
0,82 Giappone
81%
1,34 India
78%
2,65 Australia
77%
7,76 Polonia
76%
1,57 Paesi Bassi
68%
1,44 Belgio
66%
1,09 Svizzera
65%
0,79 Turchia
54%
0,99 Finlandia
50%
0,86 Indonesia
48%
0,76 Filippine
30%
Nessun quiz corrispondente trovato
Distribuzione punteggi
Percentuale di utenti per punteggio
Percentile per numero di risposta
I tuoi punteggi nel tempo
Non hai fatto questo quiz dall'ultimo reset